<The> Cross-Cultural Communications in Business Trips: Statistical Measures in Coordinates of Ukraine

Hľadanie spôsobov ako zvýšiť efektívnosť medzikultúrnej komunikácie v oblasti podnikania. Použitie štatistických metód.

Saved in:
Bibliographic Details
Main Author: Martynyshyn, Yaroslav
Other Authors: Khlystun, Elena, Kovalenko, Yelena
Format: Book Chapter
Language:English
Subjects:
Tags: Add Tag
No Tags, Be the first to tag this record!

MARC

LEADER 00000naa a2200000 4500
001 0263501
005 20200514125331.6
041 0 |a eng 
044 |a SK 
245 1 0 |a <The> Cross-Cultural Communications in Business Trips: Statistical Measures in Coordinates of Ukraine  |c Yaroslav Martynyshyn, Elena Khlystun, Yelena Kovalenko 
520 |a Hľadanie spôsobov ako zvýšiť efektívnosť medzikultúrnej komunikácie v oblasti podnikania. Použitie štatistických metód. 
610 2 0 |a komunikácia interkultúrna 
610 2 0 |a komunikácia firemná 
610 2 0 |a efektívnosť podnikania 
610 2 0 |a kultúra 
610 2 0 |a cesty pracovné 
100 1 |a Martynyshyn, Yaroslav 
700 1 |a Khlystun, Elena 
700 1 |a Kovalenko, Yelena